| 000 | 00322nam a22001337a 4500 | ||
|---|---|---|---|
| 020 | _qPB. | ||
| 040 | _cFIZZA ISHAQ | ||
| 082 |
_a686.225 _bRPA |
||
| 100 |
_aPAXTON,R. _991678 |
||
| 245 |
_aCIVIL ENGINEERING HERITAGE SCOTLAND / _cR.PAXTON. |
||
| 260 |
_aROYAL PUBLISHER ; _c2008. |
||
| 300 | _a272 P. ; | ||
| 942 |
_2ddc _cBK |
||
| 999 |
_c589826 _d589826 |
||